Представление документа в формате RUSMARC

ПолеНазваниеЗначение
  Тип записи a
  Библиографический уровень a
001 Контрольный номер UONB/MAIN/c713ffed78ae432cb3d2cfaf267b0e4b
005 Дата корректировки 20260425165518.3
100 Данные общей обработки __
a Данные общей обработки 20260423 ||| 0rusy0189 ca
101 Язык документа 0_
a Язык текста rus
102 Страна публикации __
a Страна публикации RU
200 Заглавие и сведения об ответственности 1_
a Заглавие С 90-х до наших дней
e Сведения, относящиеся к заглавию опыт картографирования
e Сведения, относящиеся к заглавию критический очерк
f Первые сведения об ответственности С. Арутюнов
203 Вид содержания и тип средства __
a Вид содержания Текст
b Характеристика содержания визуальный
c Тип средства непосредственный
327 Примечание о содержании 01
a Примечание о содержании Отмена отмененного
a Примечание о содержании Скоморошество за СКВ (свободно конвертируемую валюту)
a Примечание о содержании Призовая игра
a Примечание о содержании Воспитание дорогих чад
a Примечание о содержании Игра на понижение
a Примечание о содержании "Поэт"
a Примечание о содержании Фестивальная лихоманка
a Примечание о содержании Самое узкое горло
a Примечание о содержании Журнальная паранойя
a Примечание о содержании Бригады "Ух"
330 Аннотация __
a Аннотация Литературный процесс в России примерно от середины 90-х годов прошлого столетия и до наших дней.
461 Уровень набора _0
1 2000
a Москва
1 011
a 0131-2332
463 Уровень физической единицы _0
1 2000
a № 4
v С. 3-14
1 2101
d 2026
1 001UONB/MAIN/6d325bd886904b3a98c3ff0a81559958
517 Другие варианты заглавия 1_
a Другие варианты заглавия Отмена отмененного
517 Другие варианты заглавия 1_
a Другие варианты заглавия Скоморошество за СКВ (свободно конвертируемую валюту)
517 Другие варианты заглавия 1_
a Другие варианты заглавия Призовая игра
517 Другие варианты заглавия 1_
a Другие варианты заглавия Воспитание дорогих чад
517 Другие варианты заглавия 1_
a Другие варианты заглавия Игра на понижение
517 Другие варианты заглавия 1_
a Другие варианты заглавия "Поэт"
517 Другие варианты заглавия 1_
a Другие варианты заглавия Фестивальная лихоманка
517 Другие варианты заглавия 1_
a Другие варианты заглавия Самое узкое горло
517 Другие варианты заглавия 1_
a Другие варианты заглавия Журнальная паранойя
517 Другие варианты заглавия 1_
a Другие варианты заглавия Бригады "Ух"
606 Тематические рубрики 0_
a Основная рубрика Социология
606 Тематические рубрики 0_
a Основная рубрика Социология общества
y Географическая подрубрика Россия
606 Тематические рубрики 0_
a Основная рубрика Литературоведение
606 Тематические рубрики 0_
a Основная рубрика Современная русская литература
610 Ключевые слова 0_
a Ключевые слова очерки
610 Ключевые слова 0_
a Ключевые слова социальная жизнь
610 Ключевые слова 0_
a Ключевые слова общество и культура
610 Ключевые слова 0_
a Ключевые слова литература и время
610 Ключевые слова 0_
a Ключевые слова поэзия и общество
610 Ключевые слова 0_
a Ключевые слова литературный процесс в России
686 Индексы других классификаций __
2 Код системы rubbk
700 Автор _1
a Фамилия Арутюнов
b Имя (инициалы) С.
g Полное личное имя Сергей
4 Код отношения 070
801 Источник записи _0
a Страна RU
b Организация Ульяновская ОНБ
c Дата составления 20260423
g Правила каталогизации RCR
801 Источник записи _1
a Страна RU
b Организация Ульяновская ОНБ
c Дата составления 20260423
g Правила каталогизации RCR
901 Тип документа __
t Тип документа b
w Контрольный № источника UONB/MAIN/6d325bd886904b3a98c3ff0a81559958